Načítá se...

Indian Materia Medica (v.1)

Podrobná bibliografie
Hlavní autor: Nadkarni K M
Médium: Printed Book
Vydáno: Bombay Popular 1976
Témata:
LEADER 00652nam a22002051a 4500
020 |a 9788171541423  |c 0.00 
040 |a SSUS - Library - Kalady 
082 |a 615.5  |b NAD/I 
100 |a Nadkarni K M 
245 |a Indian Materia Medica (v.1)  |h [Text] 
260 |a Bombay  |b Popular   |c 1976 
300 |a 1319p. 
500 |a Nadkarni 
600 |a Indian Medicine 
600 |a Medicine 
600 |a Therapeutics India 
852 |k Reference  |h 615.5  |i NAD/I  |p 023796  |9 437.50  |t 0 
942 |c REF 
999 |c 19658  |d 19658 
952 |0 0  |1 0  |4 0  |6 R_615_500000000000000_NAD_I  |7 0  |9 27710  |a SSUS  |b SSUS  |d 2015-01-08  |g 437.50  |o R 615.5 NAD/I  |p 023796  |r 2015-01-08  |v 0.00  |w 2015-01-08  |y REF